000 00373nam a2200145Ia 4500
008 100122s9999 xx 000 0 und d
082 _b42836
_a823
100 _aथोरे अशोक
245 _aईनामी
260 _bआशिष प्रकाशन
_c1989
300 _a200
630 _aईनामी
730 _aईनामी
942 _cBOOK
999 _c423133
_d423130